| 000 -ლიდერი |
| ფიქსირებული სიგრძის საკონტროლო ველი |
02150nam a22002417a 4500 |
| 003 - საკონტროლო ნომრის იდენტიფიკატორი |
| საკონტროლო ველი |
Ge_BSU |
| 005 - ბოლო ოპერაციის თარიღი და დრო |
| საკონტროლო ველი |
20221221134544.0 |
| 008 - ფიქსირებული სიგრძის მონაცემთა ელემენტები - ზოგადი ინფორმაცია |
| ფიქსირებული სიგრძის საკონტროლო ველი |
210420s2021 ge ||||| |||| 00| 0 geo d |
| 041 ## - ენის კოდი |
| Language code of text/sound track or separate title |
geo |
| 080 ## - უნივერსალური ათობითი კლასიფიკაციის ინდექსი |
| Universal Decimal Classification number |
94 g-94 |
| 100 ## - მთავარი ჩანაწერი - პიროვნების სახელი |
| Personal name |
გულდური, ქადირ |
| 9 (RLIN) |
11458 |
| 245 ## - ცნობა სათაურის შესახებ |
| Title |
იმერეთის სამეფოსა და ოსმალეთის იმპერიის ურთიერთობებიდან XVI - XVIII საუკუნეებში (ოსმალური და ქართული წყაროების მიხედვით) /) |
| Statement of responsibility, etc |
ქადირ გულდური ; სამეცნ. ხელმძღვანელი სულხან კუპრაშვილი, ზაზა შაშიკაძე; ბსუ. ჰუმანიტარულ მეცნიერებათა ფაკულტეტი. ისტორიის, არქეოლოგიია და ეთნოლოგიის დეპარტამენტი. |
| 264 ## - წარმოების, გამოცემის, დისტრიბუციის და სხვა ცნობები |
| გამოცემის, წარმოების, დისტრიბუციის... ადგილი |
ბათუმი, |
| გამოცემის, წარმოების, დისტრიბუციის... თარიღი |
2021. |
| 300 ## - ფიზიკური აღწერა |
| Extent |
238 გვ.; |
| Other physical details |
30 სმ. |
| 504 ## - BIBLIOGRAPHY, ETC. NOTE |
| Bibliography, etc |
ბიბლიოგრ. გვ. 212 - 238 |
| 653 ## - INDEX TERM--UNCONTROLLED |
| Uncontrolled term |
იმერეთის სამეფოსა და ოსმალეთის იმპერიის ურთიერთობებიდან XVI - XVIII საუკუნეებში (ოსმალური და ქართული წყაროების მიხედვით) |
| 653 ## - INDEX TERM--UNCONTROLLED |
| Uncontrolled term |
დისერტაცია |
| 653 ## - INDEX TERM--UNCONTROLLED |
| Uncontrolled term |
ისტორია |
| 700 ## - ADDED ENTRY--PERSONAL NAME |
| Personal name |
კუპრაშვილი, სულხან |
| Relator term |
სამეციერო ხელმძღვანელი |
| 9 (RLIN) |
11459 |
| 700 ## - ADDED ENTRY--PERSONAL NAME |
| Personal name |
შაშიკაძე, ზაზა |
| Relator term |
სამეციერო ხელმძღვანელი |
| 9 (RLIN) |
11460 |
| 710 ## - ADDED ENTRY--CORPORATE NAME |
| Corporate name or jurisdiction name as entry element |
ბსუ. |
| Subordinate unit |
ჰუმანიტარულ მეცნიერებათა ფაკულტეტი. ისტორიის, არქეოლოგიია და ეთნოლოგიის დეპარტამენტი. |
| 9 (RLIN) |
11461 |
| 942 ## - ADDED ENTRY ELEMENTS (KOHA) |
| Source of classification or shelving scheme |
|
| Koha item type |
დისერტაცია |